| 000 | 00570nam a2200241Ia 4500 | ||
|---|---|---|---|
| 008 | 210210b2009 xxu||||| |||| 00| 0 eng d | ||
| 020 | _a9788132102311 | ||
| 041 | _aeng | ||
| 082 | _a070 HARJ | ||
| 100 | _aHARCUP (Tony) | ||
| 245 | _aJournalism: principles and practice Ed 2 | ||
| 250 | _a | ||
| 260 |
_aNew Delhi _bSage Publications India Pvt. Limited. _c2009 |
||
| 300 | _axii-244 | ||
| 650 | _aprinciples | ||
| 650 | _apractice | ||
| 650 | _aJournalism: | ||
| 650 | _aEd | ||
| 650 | _aand | ||
| 650 | _a2 | ||
| 690 | _aJournalism | ||
| 906 | _a066180 | ||
| 999 |
_c146548 _d146548 |
||